Más allá del bien y del mal

Wedi'i Gadw mewn:
Manylion Llyfryddiaeth
Fformat: Llyfr
Iaith:Sbaeneg
Cyhoeddwyd: Santiago Ediciones Ercilla 1939
Cyfres:Excelsior
Pynciau:
Tagiau: Ychwanegu Tag
Dim Tagiau, Byddwch y cyntaf i dagio'r cofnod hwn!

MARC

LEADER 00000cam a2200000 a 4500
001 UCF9305
003 CL-VaPUC
008 131111e19390000cl |||||||||||||||||spa|d
082 0 4 |a 170  |b NIE  |2 21 
245 1 0 |a Más allá del bien y del mal 
300 |a 147 p 
942 |c BK 
945 |d 20131111 15:03:00  |a dcastane 
260 |a Santiago  |b Ediciones Ercilla  |c 1939 
650 0 |a Filosofía alemana   |9 265002 
650 7 |a FILOSOFOS ALEMANES  |2 CL-VaPUC  |9 571595 
650 0 |a Ética  |9 255099 
583 |a last modification  |c 20180425 05:43:27  |k Rodrigo Vera 
490 0 |a Excelsior 
999 |c 353777  |d 353775 
952 |0 0  |1 0  |3 erb  |4 0  |6 170_000000000000000_NIE_1939  |7 0  |8 A  |9 459157  |a BIBEDU  |b BIBEDU  |d 2019-11-23  |i 5007496  |o 170 NIE 1939  |p 5007496  |r 2019-11-23  |w 2019-11-23  |y BK  |z Catalogado en:20131111  |k FIL